Соціально-культурні особливості освіти США у контексті стратегії та реформування у 20-21 століттях (Запис № 282561)

МАРК-запис
000 -LEADER
fixed length control field 02031nam a22001577a 4500
041 ## - LANGUAGE CODE
Language code of text/sound track or separate title ukr
080 ## - UNIVERSAL DECIMAL CLASSIFICATION NUMBER
Universal Decimal Classification number 09
090 ## - LOCALLY ASSIGNED LC-TYPE CALL NUMBER (OCLC); LOCAL CALL NUMBER (OCLC)
Local cutter number (OCLC) ; Book number/undivided call number, CALL (RLIN) СТЕ
100 ## - MAIN ENTRY--PERSONAL NAME
Personal name Степанюк К. В.
245 ## - TITLE STATEMENT
Title Соціально-культурні особливості освіти США у контексті стратегії та реформування у 20-21 століттях
260 ## - PUBLICATION, DISTRIBUTION, ETC. (IMPRINT)
Place of publication, distribution, etc Острог
Name of publisher, distributor, etc КАФ
Date of publication, distribution, etc 2004
300 ## - PHYSICAL DESCRIPTION
Extent 63
520 ## - SUMMARY, ETC.
Summary, etc Розділ 1. Політика освіти США у 20- на початку 21 століть.<br/>1.1. Загальні засади управління освітою СЩА та вплив уряду на освітній процес.<br/>1.2. Криза в освіті. Доповідь комісії Гарднера "Нація на межі ризику".<br/>1.3. Урядові програми освітніх реформ.<br/>Розділ 2. Вдосконалення освіти США як соціально спрямовані цілі 21-го століття. <br/>2.1. Нова модель шкільної освіти: індивідуальні цілі та суспільні установки.<br/>2.2. Технісна модернізація освітнього процесу.<br/>2.3. Напрямки реформування професійно-педагогічної освіти США.<br/>2.4. Демократизація як важлива умова забезпечення рівних можливостей у здобутті освіти в США.<br/>Розділ 3. Соціально-культурні особливості американської школи.<br/>3.1. Соціальні зміни в американському суспільстві та їх вплив на освітній процес.<br/>3.2. Проблема дисципліни в американській школі.<br/>3.3. Моральне та громадянське виховання.
-- освіта, педагогіка, США.
650 ## - SUBJECT ADDED ENTRY--TOPICAL TERM
Topical term or geographic name as entry element Research Papers
942 ## - ADDED ENTRY ELEMENTS (KOHA)
Koha item type Книги
Фонди
Withdrawn status Lost status Source of classification or shelving scheme Damaged status Not for loan Home library Current library Date acquired Source of acquisition Coded location qualifier Cost, normal purchase price Total Checkouts Full call number Barcode Date last seen Price effective from Koha item type
    Universal Decimal Classification     ВІЛ - Відділ іноземн. літератури НБ ВІЛ - Відділ іноземн. літератури НБ 08/08/2005 Акт В31 1.00   09 210123 20/12/2021 16/12/2004 Книги